LEADER 03001nam 2200625Ia 450 001 9910460005103321 005 20200520144314.0 010 $a0-8166-5683-5 035 $a(CKB)2670000000069676 035 $a(EBL)635535 035 $a(OCoLC)699475355 035 $a(SSID)ssj0000471855 035 $a(PQKBManifestationID)11284183 035 $a(PQKBTitleCode)TC0000471855 035 $a(PQKBWorkID)10429346 035 $a(PQKB)11122740 035 $a(MiAaPQ)EBC635535 035 $a(Au-PeEL)EBL635535 035 $a(CaPaEBR)ebr10440596 035 $a(EXLCZ)992670000000069676 100 $a20100507d2010 ub 0 101 0 $aeng 135 $aur|n|---||||| 181 $ctxt 182 $cc 183 $acr 200 14$aThe opposite of cold$b[electronic resource] $ethe Northwoods Finnish sauna tradition /$fMichael Nordskog ; photography by Aaron W. Hautala ; foreword by David Salmela ; introduction by Arnold R. Alanen 210 $aMinneapolis $cUniversity of Minnesota Press$dc2010 215 $a1 online resource (209 p.) 300 $aDescription based upon print version of record. 311 $a0-8166-5682-7 320 $aIncludes bibliographical references and index. 327 $aContents; Foreword; Introduction: The Sign of the Finn; Sauna in the New World; Immigrant Saunas in the Lake Superior Region; Finland's Sauna Culture; The North American Lakeside Tradition; The Value of Heat; Keeping the Wood-Fired Sauna Tradition Alive; Acknowledgments; Notes; Index 330 $aAs many in the north country can attest, one of life's great pleasures resides in the tradition of sauna-sitting in 180-plus-degree heat and throwing cool water on oven-hot stones to create a blast of steam (called lo?yly ), followed by a jump in the lake, standing naked in subzero temperatures (or even a roll in the snow), or just relaxing on the cooling porch. To the uninitiated, there is a strange, alluring mystique to the art of Finnish sauna. But to an ever-increasing number of people-from their small urban saunas to backwoods and lakeside retreats-the culture and practice of Finnish sauna 606 $aFinnish Americans$zMinnesota$xSocial life and customs 606 $aFinnish Americans$zSuperior, Lake, Region$xSocial life and customs 606 $aSauna$zMinnesota$xHistory 606 $aSauna$zSuperior, Lake, Region$xHistory 607 $aMinnesota$xSocial life and customs 607 $aSuperior, Lake, Region$xSocial life and customs 608 $aElectronic books. 615 0$aFinnish Americans$xSocial life and customs. 615 0$aFinnish Americans$xSocial life and customs. 615 0$aSauna$xHistory. 615 0$aSauna$xHistory. 676 $a977.6 700 $aNordskog$b Michael$0934157 701 $aHautala$b Aaron W$0934158 801 0$bMiAaPQ 801 1$bMiAaPQ 801 2$bMiAaPQ 906 $aBOOK 912 $a9910460005103321 996 $aThe opposite of cold$92103139 997 $aUNINA LEADER 01774nam 2200385 n 450 001 996383927603316 005 20221108100032.0 035 $a(CKB)1000000000593991 035 $a(EEBO)2240871852 035 $a(UnM)99828311 035 $a(UnM)9928003700971 035 $a(EXLCZ)991000000000593991 100 $a19950410d1660 uy | 101 0 $aeng 135 $aurbn||||a|bb| 200 10$aDooms-day. Or, The great day of the Lord drawing nigh$b[electronic resource] $eby certain signs and tokens thereof, foretold by our Lord Jesus Christ. Wherein is declared, that there shall be an end of the world; and that all men shall appear before the judgement-seat of Christ, there to be made partakers either of everlasting life in the kingdom of Heaven, or of everlasting woe and miserable torments in Hell to all eternity. The twelfth edition with additions. Very useful for all those that desire to be saved. By Andrew Jones M.A. Licensed, and entred according to order 205 $aThe 25th edition, with additions : very useful for all those that desire to be saved. 210 $aLondon $cprinted for John Andrews, at the White Lion near Pye-Corner$d1660 215 $a[16] p. $cport 300 $aHalf-title: Dooms-day at hand. 300 $aReproduction of original in Huntington Library. 330 $aeebo-0018 606 $aSalvation$vEarly works to 1800 606 $aJudgment Day$vSermons$vEarly works to 1800 615 0$aSalvation 615 0$aJudgment Day 700 $aJones$b Andrew$cM.A.$0569681 801 0$bCu-RivES 801 1$bCu-RivES 801 2$bCStRLIN 801 2$bWaOLN 906 $aBOOK 912 $a996383927603316 996 $aDooms-day: or, The great day of the Lord drawing nigh$92357512 997 $aUNISA LEADER 05314 am 2201225 n 450 001 9910214941703321 005 20170425 010 $a2-7099-2276-2 024 7 $a10.4000/books.irdeditions.10705 035 $a(CKB)3710000001633273 035 $a(FrMaCLE)OB-irdeditions-10705 035 $a(oapen)https://directory.doabooks.org/handle/20.500.12854/42300 035 $a(PPN)267950098 035 $a(EXLCZ)993710000001633273 100 $a20170608j|||||||| ||| 0 101 0 $afre 135 $auu||||||m|||| 181 $ctxt$2rdacontent 182 $cc$2rdamedia 183 $acr$2rdacarrier 200 10$aBiotechnologies du palmier dattier /$fFrédérique Aberlenc-Bertossi 210 $aMarseille $cIRD Éditions$d2017 215 $a1 online resource (261 p.) 311 $a2-7099-1691-6 330 $aLe palmier dattier est une plante d'intérêt écologique, économique et social majeur pour de nombreux pays des zones arides qui comptent parmi les plus pauvres du globe. En effet, en créant au milieu du désert un microclimat favorable au développement de cultures sous-jacentes, le palmier dattier constitue l'axe principal de l'agriculture dans les régions désertiques et représente la principale ressource vivrière et financière des populations oasiennes. Pour traiter les problématiques liées à la culture du palmier au Maghreb, en Afrique et en Europe du Sud, 60 chercheurs font ici un bilan de leurs recherches sur l'évaluation, la conservation et la valorisation des ressources génétiques du palmier dattier, ouvrant ainsi de nouvelles perspectives pluridisciplinaires. L'ouvrage présente les dernières avancées scientifiques sur la production à grande échelle, les variations somaclonales et l'amélioration génétique. Enfin, il pose les bases de nouveaux projets internationaux sur la conservation des ressources génétiques du palmier dattier, un enjeu important pour développer l'agriculture oasienne. 517 $aBiotechnologies du palmier dattier 606 $aEnvironmental studies, Geography & Development 606 $adattier 606 $aagriculture 606 $abiotechnologie 606 $aressource génétique 610 $aagriculture 610 $abiotechnologie 610 $adattier 610 $aressource génétique 615 4$aEnvironmental studies, Geography & Development 615 4$adattier 615 4$aagriculture 615 4$abiotechnologie 615 4$aressource génétique 700 $aAberlenc-Bertossi$b Frédérique$01284845 701 $aAbouraïcha$b El Faïza$01284846 701 $aBenkhalifa$b Abderrahmane$01284847 701 $aBennaceur$b Malika$01284848 701 $aBillot$b Claire$01284849 701 $aBillotte$b Norbert$01284850 701 $aBonte$b Pierre$0268217 701 $aBouaziz$b Neila$01284851 701 $aBouguedoura$b Nadia$01284852 701 $aBounnit$b Touria$01284853 701 $aCaro-Riaño$b Harling$01284854 701 $aCastellana$b Robert$01284855 701 $aChabrilllange$b Nathalie$01284856 701 $aCherif$b Emira$01284857 701 $aCoumans$b Marc$01284858 701 $aDaher$b Abdourahman$01284859 701 $aDakhlaoui-Dkhil$b Sonia$01284860 701 $aDkhil-Dakhlaoui$b Sonia$01284861 701 $aDoulbeau$b Sylvie$01284862 701 $aDrira$b Noureddine$01284863 701 $aElhoumaizi$b Mohammed Aziz$01284864 701 $aEngelmann$b Florent$01284865 701 $aFerry$b Michel$01284866 701 $aFki$b Lotfi$01284867 701 $aGómez Vives$b Susi$01284868 701 $aGriffon$b Sébastien$01284869 701 $aHadrami$b Ismaïl El$01284870 701 $aHarrak$b Hasnaa$01284871 701 $aIlbert$b Pascal$01284872 701 $aIvorra$b Sarah$01284873 701 $aJaeger$b Marc$0266007 701 $aJaiti$b Fatima$01284874 701 $aJaligot$b Estelle$01284875 701 $aJay-Allemand$b Christian$01284876 701 $aKiaa$b W$01284877 701 $aKneyta$b Mohamed$01284878 701 $aLebrun$b Marc$0752806 701 $aLecoustre$b René$01284879 701 $aLittardi$b Claudio$01284880 701 $aMaiga$b Abba Sekou$01284881 701 $aMarrakchi$b Mohamed$01284882 701 $aMartinez$b Christelle$01284883 701 $aMasmoudi$b R$01284884 701 $aNabil$b Mohamed Ahmed$01284885 701 $aNewton$b Claire$01284886 701 $aOthmani$b Ahmed$01284887 701 $aOuafi$b Saida$01284888 701 $aPintaud$b Jean-Christophe$01284889 701 $aRhouma$b Soumaya$01284890 701 $aRival$b Alain$01284891 701 $aRiveil$b Nicole$01284892 701 $aSahnoun$b N$01284893 701 $aSalem$b Ali Ould Boukhary Ould Mohamed$01284894 701 $aTengberg$b Margareta$01283828 701 $aTerral$b Jean-Frédéric$01284895 701 $aTito$b Claire$01284896 701 $aTrifi$b Mokhtar$01284897 701 $aZehdi$b Salwa$01284898 701 $aZehdi-Azouzi$b Salwa$01284899 701 $aAberlenc-Bertossi$b Frédérique$01284845 801 0$bFR-FrMaCLE 906 $aBOOK 912 $a9910214941703321 996 $aBiotechnologies du palmier dattier$93019457 997 $aUNINA